| 000 | 00860nam a22002777a 4500 | ||
|---|---|---|---|
| 001 | BR9404799 | ||
| 003 | BR-BrBNA | ||
| 005 | 20230928094251.0 | ||
| 007 | ta | ||
| 008 | 230509b bl.||||| |||| 00| 0 por d | ||
| 040 |
_aBR-BrBNA _bpor _cBiblioteca Nacional de Agricultura |
||
| 041 | _a(Por) | ||
| 072 |
_aF01; F30 _b0336 |
||
| 090 | _ 0336 BR9404799 | ||
| 110 | 1 |
_aCentro Nacional de Pesquisa de Soja, Londrina, PR (Brasil) _91793 |
|
| 111 | 1 |
_a1. Reuniao de Pesquisa de Soja da Regiao Centro-Sul _cLondrina, PR (Brazil) _d4-6 Aug 1981 |
|
| 245 | 1 | _aAta da 1. Reuniao de Pesquisa de Soja da Regiao Centro Sul | |
| 260 | 3 |
_aLondrina, PR (Brasil): _c1981. |
|
| 300 | _a39 p. | ||
| 650 | _aSoja | ||
| 650 | _aSemente | ||
| 650 | _aPratica Cultural | ||
| 650 | _aMelhoramento Genetico Vegetal | ||
| 909 |
_a202309 _bLucia _c55 _dLucia Elande |
||
| 942 | _cBK | ||
| 999 |
_c49746 _d49746 |
||